Κατάλογος Βιβλιοθηκών Mediterranean College

Pulling Power - A New Standard in Winches / Damen Marine Components (DMC) is Setting New Standards in Winch Solutions. DMC is Applying Its Years of Experience in Winch Technology to the Delivery of High Quality, Cost-Effective Custom and Standard Winches, with First Time Options Including Constant Pressure (CP). DMC: Your Knowledge Centre for Winches (Record no. 9180)

MARC details
000 -LEADER
fixed length control field 01106cam a22001934a 4500
005 - ΗΜΕΡΟΜΗΝΙΑ ΚΑΙ ΩΡΑ ΤΕΛΕΥΤΑΙΑΣ ΕΝΗΜΕΡΩΣΗΣ
Πεδίο ελέγχου 20250605164355.0
008 - FIXED-LENGTH DATA ELEMENTS--GENERAL INFORMATION
Πεδίο ελέγχου σταθερού μήκους 250528s ||||||||||||||||||||||||d
035 ## - SYSTEM CONTROL NUMBER
System control number 24290
040 ## - ΠΗΓΗ ΚΑΤΑΛΟΓΟΓΡΑΦΗΣΗΣ
Φορέας πρωτότυπης καταλογογράφησης MC Athens Campus Library
Γλώσσα καταλογογράφησης Ελληνικά, Μοντέρνα (1453-)
Modifying agency MC Athens Campus Library
Κανόνες περιγραφικής καταλογογράφησης AACR2
245 1# - ΤΙΤΛΟΣ ΚΑΙ ΔΗΛΩΣΗ ΥΠΕΥΘΥΝΟΤΗΤΑΣ
Τίτλος Pulling Power - A New Standard in Winches / Damen Marine Components (DMC) is Setting New Standards in Winch Solutions. DMC is Applying Its Years of Experience in Winch Technology to the Delivery of High Quality, Cost-Effective Custom and Standard Winches, with First Time Options Including Constant Pressure (CP). DMC: Your Knowledge Centre for Winches
260 ## - PUBLICATION, DISTRIBUTION, ETC.
Date of publication, distribution, etc. 2019
300 ## - PHYSICAL DESCRIPTION
Extent 38
520 ## - SUMMARY, ETC.
Summary, etc. J-ENG to Upgrate UEC45LSE, Wartsila Wins China LNG Contact, WinGD Trials Predictive Maintenance Tool, Incat to Build High Speed LNG Ferry, Leader Briefing, Shipyard Report, Ship Description, New WinGD Engines, Scheme B Milestone, The Heart of the Matter, The Bearable Lightness of H2, LNG Containment.
700 1# - ΠΡΟΣΘΕΤΗ ΑΝΑΓΡΑΦΗ--ΦΥΣΙΚΟ ΠΡΟΣΩΠΟ
Personal name Edstrom Nick
9 (RLIN) 9444
710 2# - ΠΡΟΣΘΕΤΗ ΑΝΑΓΡΑΦΗ--ΣΥΛΛΟΓΙΚΟ ΟΡΓΑΝΟ
Corporate name or jurisdiction name as entry element Motorship Propulsion And Future Fuels Conference
9 (RLIN) 9835
942 ## - ADDED ENTRY ELEMENTS (KOHA)
Koha item type Περιοδικά Δημοσιεύματα
Holdings
Τύπος τεκμηρίου Βιβλιοθήκη Τρέχουσα τοποθεσία Barcode Ημερομηνία απόκτησης Ταξιθετικό σύμβολο Αριθμός αντιτύπου Αρίθμηση σειρών / χρονολογία Κατάσταση απόσυρσης Κατάσταση χαμένου Κατάσταση κατεστραμμένου Μη δανεισμός Σύνολο δανεισμών Ημερομηνία τελευταίας εμφάνισης Η τιμή ισχύει από
Περιοδικά Δημοσιεύματα MC Athens Campus Library MC Athens Campus Library 9780000091796 05/06/2025 THE MOTORSHIP 1 100           05/06/2025 05/06/2025

MC Athens Campus Library
Πατησίων 94 & Κοδριγκτώνος 13, 104 34
Πελλήνης 8 & Πατησίων 107, 112 51
Τ: +30 210 8899600

MC Thessaloniki Campus Library
Ίωνος Δραγούμη 21, 54625 | Ίωνος Δραγούμη 15, 54625
Τ: +30 2310 287779 – Τ: +30 2314 440300